beneral knowledge #1 - Statistics

General Stats
  • This quiz has been taken 30 times
    21 since last reset
  • The average score is 6 of 20
Answer Stats
Here's a hint if you really need it Answer right here % Correct
In which movie does a T-Rex chase Jeff Goldblum? Jurassic Park
79%
What is the 8th letter of "the alphabet"? A
71%
What had Beethoven lost by the time he died? Hearing
71%
What year did the movie "Godzilla 2000" release? 1999
57%
Besides the Gaza Strip, what is Palestine's other territory? West Bank
57%
What color is Cherenkov radiation? Blue
43%
How many different configurations of a deck of cards are there? 52!
36%
What is the scientific name of the collarbone? Clavicle
36%
The largest living crocodile species is the ________ Crocodile. Saltwater
36%
Excluding Indonesia, what is the widest island nation in Oceania? Kiribati
29%
What is the nickname of the manatee? Sea Cow
21%
Which creature from Tasmania went extinct just under 100 years ago? Tasmanian Tiger
21%
Which type of piece was Mozart working on when he died? a requiem
14%
50 Shades of Gray started as a ________ fan-fiction. Twilight
14%
What happened to the first (and most complete) Spinosaurus Fossil? it was bombed
7%
What is the most famous T-Rex fossil reconstruction's name? Sue
7%
What is the highest rated videogame of all time according to Metacritic? The Legend of Zelda: Ocarina of Time
7%
What is the name of a dragon with two wings and zero legs? Amphithere
0%
According to Merriam-Webster, what is the name of an organism that has remained essentially unchanged from earlier geologic times and whose close relatives are usually extinct? Living Fossil
0%
Crown of Thorns is a species of which animal? Starfish
0%
No matching quizzes found
Score Distribution
Percent of People with Each Score
Percentile by Number Answered
Your Score History
You have not taken this quiz since the last reset